| 000 | 01071nam a2200193Ia 4500 | ||
|---|---|---|---|
| 003 | OSt | ||
| 005 | 20260119111954.0 | ||
| 008 | 220922b |||||||| |||| 00| 0 hin d | ||
| 037 | _cTextual | ||
| 040 |
_aARTS _cARTS _bhin |
||
| 041 |
_2hin _ahin |
||
| 100 |
_aबेदी, रामेश _9898489 |
||
| 245 | 0 |
_aहरड़ _b हरड़ के गुण तथा विविध रोगो मे उपयोग खेती व्यापारिक महत्व उद्योग धन्धो में उपादेयता आदि विषयो की विस्तृत प्रामाणिक जानकारी |
|
| 246 | _aHaraड़: haraड़ ke guṇ tathā vividh rogo me upayog khetī vyāpārik hinatva udyog dhandho mean upādeyatā ādi viṣhayo kī vistṛut prāmāṇik jānakārī | ||
| 260 | _c1962 | ||
| 490 | _aभारतीय द्रव्यगुण ग्रंथमाला | ||
| 942 |
_hLA:63832, 152K2 _cTEXL _2CC _n0 |
||
| 999 |
_c306478 _d306478 |
||